| 000 | 00523pab a2200193 454500 | ||
|---|---|---|---|
| 008 | 180718b2005 xxu||||| |||| 00| 0 eng d | ||
| 100 | _aBenz, Dorothee E. | ||
| 245 | _aIt takes a village to win a union: a case study of organizing among Florida's nursing home workers | ||
| 260 | _c2005 | ||
| 300 | _ap.123-52. | ||
| 362 | _aMar | ||
| 650 | _aSocial movements | ||
| 650 | _aTrade unions | ||
| 650 | _aLabour | ||
| 650 | _aNursing | ||
| 650 | _aHealth services | ||
| 773 | _aPolitics and Society | ||
| 909 | _a64366 | ||
| 999 |
_c64366 _d64366 |
||